[Event "DVM U14w 2019"]
[Site "Neumünster GER"]
[Date "2019.12.28"]
[Round "3"]
[White "Lenger, Julia"]
[Black "Halas, Neele Zoe"]
[Result "0-1"]
[Termination "normal"]
[Board "2.4"]
[WhiteElo "856"]
[BlackElo "1076"]
[WhiteClock "00:30:39"]
[BlackClock "00:08:49"]
[WhiteTeam "SC Papenburg"]
[BlackTeam "Schachgemeinschaft Leipzig"]
[PlyCount "128"]
[WhiteFideId "16275314"]
[BlackFideId "16287282"]
[EventCountry "GER"]
[EventRounds "7"]
[EventType "team-swiss"]
[EventDate "2019.12.26"]

1. Nf3 {[%clk 1:30:58]} d5 {[%clk 1:30:53]} 2. d4 {[%clk 1:31:20]} Nf6 {[%clk
1:30:58]} 3. g3 {[%clk 1:31:36]} Nc6 {[%clk 1:31:04]} 4. Bg2 {[%clk 1:30:13]}
Bf5 {[%clk 1:26:37]} 5. Ne5 {[%clk 1:28:45]} Qd6 {[%clk 1:17:47]} 6. Nxc6
{[%clk 1:28:32]} Qxc6 {[%clk 1:17:46]} 7. c3 {[%clk 1:26:10]} e6 {[%clk
1:11:58]} 8. Nd2 {[%clk 1:23:15]} Be7 {[%clk 1:07:16]} 9. Qb3 {[%clk 1:20:53]}
O-O {[%clk 1:03:03]} 10. O-O {[%clk 1:15:36]} b6 {[%clk 0:56:29]} 11. c4 {[%clk
1:07:58]} Qd7 {[%clk 0:53:39]} 12. Re1 {[%clk 1:01:50]} Rac8 {[%clk 0:49:34]}
13. cxd5 {[%clk 1:00:02]} exd5 {[%clk 0:49:00]} 14. e4 {[%clk 0:58:47]} dxe4
{[%clk 0:49:11]} 15. Qc3 {[%clk 0:52:52]} Qd5 {[%clk 0:39:48]} 16. Nb3 {[%clk
0:46:34]} c5 {[%clk 0:36:54]} 17. dxc5 {[%clk 0:45:42]} Bxc5 {[%clk 0:37:07]}
18. Be3 {[%clk 0:43:06]} Bxe3 {[%clk 0:34:05]} 19. Qxe3 {[%clk 0:42:01]} Rfe8
{[%clk 0:26:52]} 20. Rad1 {[%clk 0:38:37]} Qb7 {[%clk 0:21:21]} 21. Qf4 {[%clk
0:35:56]} Bg6 {[%clk 0:19:53]} 22. Rd4 {[%clk 0:34:40]} Rc2 {[%clk 0:13:52]}
23. Rd2 {[%clk 0:33:52]} Rxd2 {[%clk 0:13:40]} 24. Nxd2 {[%clk 0:33:53]} h6
{[%clk 0:09:23]} 25. f3 {[%clk 0:33:04]} exf3 {[%clk 0:07:57]} 26. Nxf3 {[%clk
0:33:04]} Rxe1+ {[%clk 0:07:25]} 27. Nxe1 {[%clk 0:33:06]} Qe7 {[%clk 0:06:58]}
28. Nf3 {[%clk 0:32:42]} Qc5+ {[%clk 0:06:59]} 29. Kf1 {[%clk 0:32:20]} Bd3+
{[%clk 0:06:42]} 30. Ke1 {[%clk 0:31:45]} Qe7+ {[%clk 0:05:08]} 31. Ne5 {[%clk
0:29:52]} Nd7 {[%clk 0:04:12]} 32. Be4 {[%clk 0:28:19]} Qxe5 {[%clk 0:04:10]}
33. Qxe5 {[%clk 0:28:19]} Nxe5 {[%clk 0:04:35]} 34. Bb7 {[%clk 0:28:09]} Bb1
{[%clk 0:04:47]} 35. a3 {[%clk 0:28:06]} Nc4 {[%clk 0:05:07]} 36. b4 {[%clk
0:27:56]} Nxa3 {[%clk 0:05:29]} 37. Kd2 {[%clk 0:28:11]} Nc2 {[%clk 0:05:23]}
38. Be4 {[%clk 0:28:03]} Na3 {[%clk 0:05:44]} 39. Bd5 {[%clk 0:27:47]} Nb5
{[%clk 0:05:19]} 40. Ke3 {[%clk 0:27:57]} a5 {[%clk 0:04:47]} 41. bxa5 {[%clk
0:28:00]} bxa5 {[%clk 0:05:11]} 42. Kd2 {[%clk 0:28:08]} Kf8 {[%clk 0:05:11]}
43. Kc1 {[%clk 0:28:21]} Ke7 {[%clk 0:05:15]} 44. Kxb1 {[%clk 0:28:41]} Nc3+
{[%clk 0:05:37]} 45. Kb2 {[%clk 0:28:58]} Nxd5 {[%clk 0:06:01]} 46. Kb3 {[%clk
0:29:09]} Ne3 {[%clk 0:06:08]} 47. Ka4 {[%clk 0:29:30]} Nf1 {[%clk 0:06:33]}
48. Kxa5 {[%clk 0:29:45]} Nxh2 {[%clk 0:06:57]} 49. Kb4 {[%clk 0:30:05]} Nf1
{[%clk 0:07:12]} 50. g4 {[%clk 0:30:28]} Nh2 {[%clk 0:07:36]} 51. g5 hxg5 52.
Kc4 {[%clk 0:30:22]} Kf6 {[%clk 0:08:00]} 53. Kd4 {[%clk 0:30:45]} Kf5 {[%clk
0:08:15]} 54. Ke3 {[%clk 0:31:03]} g4 {[%clk 0:08:27]} 55. Kf2 {[%clk 0:31:22]}
Kf4 {[%clk 0:08:39]} 56. Kg1 {[%clk 0:31:33]} g3 {[%clk 0:08:21]} 57. Kh1
{[%clk 0:31:36]} Nf3 {[%clk 0:07:30]} 58. Kg2 {[%clk 0:31:40]} Ne1+ {[%clk
0:07:30]} 59. Kf1 {[%clk 0:30:55]} Kf3 {[%clk 0:07:33]} 60. Kg1 {[%clk
0:29:54]} g2 {[%clk 0:07:38]} 61. Kh2 {[%clk 0:29:56]} Kf2 {[%clk 0:07:53]} 62.
Kh3 {[%clk 0:30:06]} g1=Q {[%clk 0:08:12]} 63. Kh4 {[%clk 0:30:22]} Nf3+ {[%clk
0:08:27]} 64. Kh5 {[%clk 0:30:39]} Qg5# {[%clk 0:08:49]} 0-1

[Event "DVM U14w 2019"]
[Site "Neumünster GER"]
[Date "2019.12.28"]
[Round "3"]
[White "Schulz, Hannah"]
[Black "Berghold, Lotta"]
[Result "1-0"]
[Termination "normal"]
[Board "4.1"]
[WhiteElo "1588"]
[BlackElo "1398"]
[WhiteClock "00:25:08"]
[BlackClock "00:03:46"]
[WhiteTeam "Karlsruher SF 1853"]
[BlackTeam "SC Borussia Lichtenberg"]
[PlyCount "163"]
[WhiteFideId "16244745"]
[BlackFideId "16243463"]
[EventCountry "GER"]
[EventRounds "7"]
[EventType "team-swiss"]
[EventDate "2019.12.26"]

1. e4 {[%clk 1:30:39]} b6 {[%clk 1:30:48]} 2. d4 {[%clk 1:31:02]} Bb7 {[%clk
1:31:16]} 3. Bd3 {[%clk 1:31:21]} e6 {[%clk 1:31:24]} 4. Nf3 {[%clk 1:31:22]}
Nf6 {[%clk 1:31:29]} 5. Qe2 {[%clk 1:29:27]} d6 {[%clk 1:31:29]} 6. c4 {[%clk
1:26:16]} Be7 {[%clk 1:26:16]} 7. Nc3 {[%clk 1:26:11]} O-O {[%clk 1:21:11]} 8.
O-O {[%clk 1:25:40]} Re8 {[%clk 1:18:27]} 9. Bf4 {[%clk 1:21:13]} Bf8 {[%clk
1:13:39]} 10. Rfd1 {[%clk 1:19:17]} g6 {[%clk 1:05:49]} 11. Bg5 {[%clk
1:18:19]} Be7 {[%clk 1:01:18]} 12. Rac1 {[%clk 1:14:03]} Nh5 {[%clk 0:58:35]}
13. Bxe7 {[%clk 1:13:53]} Qxe7 {[%clk 0:58:36]} 14. Qe3 {[%clk 1:12:23]} Nd7
{[%clk 0:53:11]} 15. Be2 {[%clk 1:03:54]} Ng7 {[%clk 0:47:33]} 16. Qh6 {[%clk
0:56:06]} Nf8 {[%clk 0:47:09]} 17. h4 {[%clk 0:48:42]} Rad8 {[%clk 0:45:40]}
18. d5 {[%clk 0:41:56]} e5 {[%clk 0:39:48]} 19. c5 {[%clk 0:31:19]} Bc8 {[%clk
0:38:21]} 20. c6 {[%clk 0:28:59]} a6 {[%clk 0:36:20]} 21. g3 {[%clk 0:25:03]}
f5 {[%clk 0:24:01]} 22. Qg5 {[%clk 0:23:45]} Qf7 {[%clk 0:20:54]} 23. exf5
{[%clk 0:20:19]} Qxf5 {[%clk 0:17:08]} 24. Qxf5 {[%clk 0:19:51]} Nxf5 {[%clk
0:17:31]} 25. Ne4 {[%clk 0:19:49]} Kg7 {[%clk 0:17:25]} 26. a4 {[%clk 0:16:19]}
h6 {[%clk 0:17:04]} 27. g4 {[%clk 0:15:56]} Ne7 {[%clk 0:17:07]} 28. g5 {[%clk
0:16:00]} Nh7 {[%clk 0:15:07]} 29. gxh6+ {[%clk 0:14:57]} Kxh6 {[%clk 0:15:21]}
30. Nfg5 {[%clk 0:15:01]} Nxg5 {[%clk 0:15:13]} 31. hxg5+ {[%clk 0:15:27]} Kg7
{[%clk 0:15:30]} 32. Nf6 {[%clk 0:13:50]} Rf8 {[%clk 0:15:29]} 33. Ra1 {[%clk
0:11:10]} Ng8 {[%clk 0:15:05]} 34. a5 {[%clk 0:10:36]} b5 {[%clk 0:14:27]} 35.
Bxb5 {[%clk 0:10:45]} axb5 {[%clk 0:14:31]} 36. a6 {[%clk 0:11:11]} Bxa6 {[%clk
0:14:13]} 37. Rxa6 {[%clk 0:11:34]} Nxf6 {[%clk 0:13:59]} 38. gxf6+ {[%clk
0:11:59]} Rxf6 {[%clk 0:11:19]} 39. Ra7 {[%clk 0:12:04]} Rf7 {[%clk 0:11:40]}
40. Rb7 {[%clk 0:12:10]} Rdf8 {[%clk 0:11:39]} 41. Rd2 {[%clk 0:12:11]} b4
{[%clk 0:05:14]} 42. Rxb4 {[%clk 0:11:39]} Rf4 {[%clk 0:05:32]} 43. Rb7 {[%clk
0:11:21]} R8f7 {[%clk 0:05:41]} 44. b4 {[%clk 0:11:27]} Kf6 {[%clk 0:24:00]}
45. b5 {[%clk 0:39:12]} Rb4 {[%clk 0:21:04]} 46. b6 {[%clk 0:36:40]} Rxb6
{[%clk 0:20:36]} 47. Rxb6 {[%clk 0:37:05]} cxb6 {[%clk 0:21:00]} 48. Rb2 {[%clk
0:37:26]} e4 {[%clk 0:20:09]} 49. Rxb6 {[%clk 0:37:48]} Rc7 {[%clk 0:20:29]}
50. Rb1 {[%clk 0:33:29]} Ke5 {[%clk 0:19:13]} 51. Rd1 {[%clk 0:33:44]} g5
{[%clk 0:18:23]} 52. Kf1 {[%clk 0:33:11]} Kf4 {[%clk 0:18:11]} 53. Ke2 {[%clk
0:33:27]} g4 {[%clk 0:16:53]} 54. Ra1 {[%clk 0:29:35]} Ke5 {[%clk 0:15:53]} 55.
Ra5 {[%clk 0:29:57]} Kd4 {[%clk 0:15:38]} 56. Kd2 {[%clk 0:28:54]} Rc8 {[%clk
0:15:02]} 57. Ke2 {[%clk 0:28:23]} Rc7 {[%clk 0:15:04]} 58. Kf1 {[%clk
0:28:44]} Ke5 {[%clk 0:14:41]} 59. Kg2 {[%clk 0:29:04]} Kf4 {[%clk 0:14:42]}
60. Rb5 {[%clk 0:29:30]} Rc8 {[%clk 0:14:28]} 61. Kh2 {[%clk 0:25:46]} Kf3
{[%clk 0:10:02]} 62. Kg1 {[%clk 0:25:48]} e3 {[%clk 0:07:54]} 63. fxe3 {[%clk
0:26:03]} Kxe3 {[%clk 0:08:17]} 64. Kg2 {[%clk 0:26:25]} Kf4 {[%clk 0:08:23]}
65. Rb1 {[%clk 0:26:07]} Ke4 {[%clk 0:08:16]} 66. Rd1 {[%clk 0:26:33]} Kf4
{[%clk 0:08:26]} 67. Re1 {[%clk 0:26:58]} g3 {[%clk 0:06:34]} 68. Re6 {[%clk
0:27:18]} Rd8 {[%clk 0:06:49]} 69. Rxd6 {[%clk 0:26:39]} Rxd6 {[%clk 0:06:25]}
70. c7 {[%clk 0:27:05]} Rxd5 {[%clk 0:06:52]} 71. c8=Q {[%clk 0:27:31]} Rd2+
{[%clk 0:06:09]} 72. Kf1 {[%clk 0:27:25]} g2+ {[%clk 0:05:12]} 73. Kg1 {[%clk
0:27:52]} Ke3 {[%clk 0:04:47]} 74. Qc3+ {[%clk 0:27:48]} Ke2 {[%clk 0:05:07]}
75. Kxg2 {[%clk 0:28:00]} Ke1+ {[%clk 0:04:24]} 76. Kf3 {[%clk 0:28:01]} Kd1
{[%clk 0:04:40]} 77. Qb3+ {[%clk 0:27:45]} Ke1 {[%clk 0:03:43]} 78. Qb1+ {[%clk
0:26:57]} Rd1 {[%clk 0:04:02]} 79. Qb2 {[%clk 0:24:30]} Rd3+ {[%clk 0:03:35]}
80. Ke4 {[%clk 0:24:51]} Rd2 {[%clk 0:03:45]} 81. Qc1+ {[%clk 0:25:02]} Ke2
{[%clk 0:03:46]} 82. Qh1 {[%clk 0:25:08]} 1-0

[Event "DVM U14w 2019"]
[Site "Neumünster GER"]
[Date "2019.12.28"]
[Round "3"]
[White "Müller, Helene"]
[Black "Reiter, Hannah"]
[Result "1-0"]
[Termination "normal"]
[Board "4.2"]
[WhiteElo "1545"]
[BlackElo "1373"]
[WhiteClock "00:06:00"]
[BlackClock "00:49:04"]
[WhiteTeam "SC Borussia Lichtenberg"]
[BlackTeam "Karlsruher SF 1853"]
[PlyCount "107"]
[WhiteFideId "16240456"]
[BlackFideId "16239679"]
[EventCountry "GER"]
[EventRounds "7"]
[EventType "team-swiss"]
[EventDate "2019.12.26"]

1. e4 {[%clk 1:30:56]} e5 {[%clk 1:30:57]} 2. Nf3 {[%clk 1:31:16]} Nc6 {[%clk
1:31:23]} 3. Bc4 {[%clk 1:31:39]} Bc5 {[%clk 1:31:49]} 4. c3 {[%clk 1:32:04]}
Nf6 {[%clk 1:32:15]} 5. d3 {[%clk 1:32:29]} d6 {[%clk 1:32:42]} 6. Nbd2 {[%clk
1:32:52]} Bg4 {[%clk 1:31:37]} 7. O-O {[%clk 1:33:14]} O-O {[%clk 1:32:02]} 8.
Re1 {[%clk 1:33:37]} Nh5 {[%clk 1:30:25]} 9. h3 {[%clk 1:32:44]} Bxf3 {[%clk
1:30:18]} 10. Nxf3 {[%clk 1:33:04]} h6 {[%clk 1:29:32]} 11. Nxe5 {[%clk
1:32:54]} dxe5 {[%clk 1:27:53]} 12. Qxh5 {[%clk 1:33:12]} Qf6 {[%clk 1:25:33]}
13. Be3 {[%clk 1:31:35]} Bxe3 {[%clk 1:25:20]} 14. Rxe3 {[%clk 1:31:53]} Rad8
{[%clk 1:20:41]} 15. Rf3 {[%clk 1:11:44]} Qe7 {[%clk 1:18:56]} 16. Re1 {[%clk
1:09:50]} Na5 {[%clk 1:16:05]} 17. Bb5 {[%clk 1:09:43]} a6 {[%clk 1:13:52]} 18.
Ba4 {[%clk 1:10:02]} b5 {[%clk 1:14:04]} 19. Bc2 {[%clk 1:10:24]} c5 {[%clk
1:12:45]} 20. b3 {[%clk 1:01:23]} c4 {[%clk 1:11:59]} 21. bxc4 {[%clk 0:58:26]}
bxc4 {[%clk 1:12:22]} 22. d4 {[%clk 0:48:30]} exd4 {[%clk 1:09:49]} 23. Qxa5
{[%clk 0:48:37]} d3 {[%clk 1:08:38]} 24. Bd1 {[%clk 0:46:27]} d2 {[%clk
1:08:29]} 25. Re2 {[%clk 0:37:49]} Qb7 {[%clk 1:05:35]} 26. e5 {[%clk 0:28:50]}
Qb1 {[%clk 1:01:56]} 27. Qa4 {[%clk 0:28:17]} Qc1 {[%clk 0:57:42]} 28. Rf4
{[%clk 0:17:34]} Rb8 {[%clk 0:55:10]} 29. Rd4 {[%clk 0:08:56]} Rb2 {[%clk
0:54:05]} 30. Kh2 {[%clk 0:04:23]} Qxc3 {[%clk 0:52:44]} 31. Qxc4 {[%clk
0:01:27]} Qa5 {[%clk 0:52:20]} 32. a4 {[%clk 0:01:39]} Rd8 {[%clk 0:52:22]} 33.
Rxd8+ {[%clk 0:01:45]} Qxd8 {[%clk 0:52:46]} 34. Qc3 {[%clk 0:01:32]} Ra2
{[%clk 0:52:37]} 35. Qb3 {[%clk 0:01:03]} Ra1 {[%clk 0:52:41]} 36. Qc2 {[%clk
0:01:21]} Qd4 {[%clk 0:51:00]} 37. Rxd2 {[%clk 0:01:35]} Qxe5+ {[%clk 0:51:16]}
38. g3 {[%clk 0:01:49]} Qe8 {[%clk 0:51:08]} 39. Qb2 {[%clk 0:01:56]} Rxd1
{[%clk 0:50:01]} 40. Rxd1 {[%clk 0:02:20]} f6 {[%clk 0:49:35]} 41. Qb3+ {[%clk
0:02:40]} Kh7 {[%clk 0:49:40]} 42. Qd3+ {[%clk 0:02:47]} g6 {[%clk 0:49:53]}
43. Qxa6 {[%clk 0:03:02]} Kg7 {[%clk 0:50:05]} 44. Qb7+ {[%clk 0:03:05]} Kf8
{[%clk 0:49:56]} 45. Qc7 {[%clk 0:03:01]} Qe7 {[%clk 0:48:04]} 46. Rd8+ {[%clk
0:03:14]} Kf7 {[%clk 0:48:09]} 47. Rd7 {[%clk 0:03:37]} Qxd7 {[%clk 0:48:18]}
48. Qxd7+ {[%clk 0:04:01]} Kf8 {[%clk 0:48:10]} 49. a5 {[%clk 0:04:26]} f5
{[%clk 0:48:33]} 50. a6 {[%clk 0:04:51]} f4 {[%clk 0:48:24]} 51. a7 {[%clk
0:05:16]} fxg3+ {[%clk 0:48:46]} 52. fxg3 {[%clk 0:05:39]} g5 {[%clk 0:49:04]}
53. a8=Q# {[%clk 0:06:00]} Ke8 54. Qc7# 1-0

[Event "DVM U14w 2019"]
[Site "Neumünster GER"]
[Date "2019.12.28"]
[Round "3"]
[White "Glowiak, Alexandra"]
[Black "Stepanjan, Marianne"]
[Result "1/2-1/2"]
[Termination "normal"]
[Board "5.1"]
[WhiteElo "1403"]
[BlackElo "1414"]
[WhiteTeam "SV Traktor Priestewitz"]
[BlackTeam "TuRa Harksheide von 1945 Norderstedt e.V."]
[PlyCount "95"]
[WhiteFideId "16259530"]
[BlackFideId "16246110"]
[EventCountry "GER"]
[EventRounds "7"]
[EventType "team-swiss"]
[EventDate "2019.12.26"]

1. e4 c5 2. Nf3 d6 3. d4 cxd4 4. Nxd4 Nf6 5. Nc3 e6 6. Bb5+ Bd7 7. Bxd7+ Nbxd7
8. O-O Be7 9. Bg5 O-O 10. Ndb5 Qb6 11. Be3 Qc6 12. f3 a6 13. Nd4 Qc7 14. Rc1
Nb6 15. Rb1 Nc4 16. Bf2 b5 17. a4 Nxb2 18. Rxb2 Qxc3 19. Rb3 Qc4 20. axb5 axb5
21. Nxb5 d5 22. Qd3 Qa4 23. Bd4 Qc4 24. exd5 Qxd3 25. Rxd3 Nxd5 26. c3 Rfc8 27.
Rd2 f6 28. f4 Ra5 29. Rb1 Rc4 30. g3 Bc5 31. Rdd1 e5 32. fxe5 fxe5 33. Bxc5
Rxc5 34. Nd6 Ra8 35. Nb7 Nxc3 36. Nxc5 Nxd1 37. Rb3 Rc8 38. Ne4 Kf8 39. Kf1 Rc4
40. Nd2 Rc3 41. Rb8+ Kf7 42. Rb7+ Kg6 43. Ke2 Rc1 44. Nf3 e4 45. Nh4+ Kf6 46.
Rb6+ Ke5 47. Rb5+ Ke6 48. Rb6+ 1/2-1/2

[Event "DVM U14w 2019"]
[Site "Neumünster GER"]
[Date "2019.12.28"]
[Round "3"]
[White "Foos, Vanessa"]
[Black "Mai, Mariella"]
[Result "1-0"]
[Termination "normal"]
[Board "5.2"]
[WhiteElo "1309"]
[BlackElo "1232"]
[WhiteTeam "TuRa Harksheide von 1945 Norderstedt e.V."]
[BlackTeam "SV Traktor Priestewitz"]
[PlyCount "59"]
[WhiteFideId "16245270"]
[BlackFideId "16281780"]
[EventCountry "GER"]
[EventRounds "7"]
[EventType "team-swiss"]
[EventDate "2019.12.26"]

1. d4 d5 2. c4 Nf6 3. Nc3 b6 4. Bf4 e6 5. e3 Be7 6. Nf3 Nbd7 7. Nb5 O-O 8. Nxc7
Rb8 9. cxd5 Nxd5 10. Nxd5 exd5 11. Bxb8 Nxb8 12. a3 b5 13. Bd3 a6 14. O-O Bg4
15. Rc1 Bd6 16. Be2 Qf6 17. h3 Bf5 18. Bd3 Bd7 19. Re1 Nc6 20. e4 Ne7 21. e5
Qf4 22. exd6 Qxd6 23. Ne5 Bc8 24. Qc2 g6 25. Nc6 Nf5 26. Bxf5 Bxf5 27. Qc5 Qf6
28. Qe7 Qg7 29. Qe5 Qh6 30. Ne7# 1-0

[Event "DVM U14w 2019"]
[Site "Neumünster GER"]
[Date "2019.12.28"]
[Round "3"]
[White "Moradi, Yassaman"]
[Black "Chen, Michelle"]
[Result "1/2-1/2"]
[Termination "normal"]
[Board "5.3"]
[WhiteElo "1293"]
[BlackElo "1072"]
[WhiteTeam "SV Traktor Priestewitz"]
[BlackTeam "TuRa Harksheide von 1945 Norderstedt e.V."]
[PlyCount "48"]
[WhiteFideId "16279964"]
[BlackFideId "16275403"]
[EventCountry "GER"]
[EventRounds "7"]
[EventType "team-swiss"]
[EventDate "2019.12.26"]

1. e4 e5 2. Nf3 Nc6 3. d4 exd4 4. Nxd4 Bc5 5. Be3 Bxd4 6. Bxd4 Nf6 7. Nc3 d6 8.
Bb5 Bd7 9. O-O O-O 10. Be3 h6 11. f3 Nh7 12. Qd2 Qf6 13. Nd5 Qd8 14. Bf2 Nf6
15. Bh4 Nxe4 16. Qf4 g5 17. Qxe4 gxh4 18. Bd3 f5 19. Qf4 Be6 20. Qxh6 Bxd5 21.
Qg6+ Kh8 22. Qh6+ Kg8 23. Qg6+ Kh8 24. Qh6+ Kg8 1/2-1/2

[Event "DVM U14w 2019"]
[Site "Neumünster GER"]
[Date "2019.12.28"]
[Round "3"]
[White "Striebeck, Liv"]
[Black "Moradi, Yakta"]
[Result "0-1"]
[Termination "normal"]
[Board "5.4"]
[WhiteElo "790"]
[BlackElo "1257"]
[WhiteTeam "TuRa Harksheide von 1945 Norderstedt e.V."]
[BlackTeam "SV Traktor Priestewitz"]
[PlyCount "184"]
[WhiteFideId "16275438"]
[BlackFideId "16281772"]
[EventCountry "GER"]
[EventRounds "7"]
[EventType "team-swiss"]
[EventDate "2019.12.26"]

1. e4 e5 2. Nc3 Nc6 3. Nf3 Nf6 4. Bb5 Bc5 5. d3 Ng4 6. O-O O-O 7. Bg5 Be7 8.
Bxe7 Qxe7 9. Nd5 Qd8 10. Qd2 Nf6 11. Nc3 a6 12. Bc4 Na5 13. b3 Nxc4 14. bxc4 d6
15. h3 Bd7 16. Rab1 Bc6 17. Rfe1 Qd7 18. Nd5 Qd8 19. Rb2 b6 20. a3 a5 21. Rbb1
Bd7 22. Re3 Rb8 23. Ne1 c6 24. Nc3 Nh5 25. Nf3 h6 26. Rb2 Rb7 27. g4 Nf6 28.
Ne2 Qc8 29. Nh4 Nh7 30. Nf5 Bxf5 31. exf5 f6 32. f4 Re8 33. fxe5 dxe5 34. Ng3
Qd8 35. Ne4 Rb8 36. c3 Qe7 37. a4 Ng5 38. Nf2 Nf7 39. d4 Nd6 40. Qd3 Qf7 41.
Ree2 Nxc4 42. Rb3 Nd6 43. Qc2 exd4 44. Rxe8+ Qxe8 45. cxd4 Qd7 46. Qe2 b5 47.
Kg2 Qf7 48. Qe3 Re8 49. Qd3 Qd5+ 50. Qf3 Qxf3+ 51. Kxf3 bxa4 52. Ra3 Ra8 53.
Rxa4 Kh7 54. Nd3 g6 55. Kf4 gxf5 56. gxf5 Nc8 57. Nb2 Nd6 58. Ra3 Nb5 59. Ra4
Nc3 60. Ra3 Ne2+ 61. Ke4 Re8+ 62. Kd3 Nf4+ 63. Kc4 Re2 64. Na4 Rc2+ 65. Rc3 Rh2
66. Kb3 Rxh3 67. Nb2 Rxc3+ 68. Kxc3 h5 69. Nd1 h4 70. Nf2 Kh6 71. Kb3 Kg5 72.
Ka4 Kxf5 73. Kxa5 Ke6 74. Kb4 Kd5 75. Kc3 Ne2+ 76. Kd3 Nxd4 77. Ke3 c5 78. Kd2
c4 79. Kc3 Ne2+ 80. Kb4 Nf4 81. Ng4 Kd4 82. Nxf6 h3 83. Ng4 c3 84. Kb5 c2 85.
Nf2 c1=Q 86. Nxh3 Qc4+ 87. Kb6 Kd5 88. Nxf4+ Qxf4 89. Kb5 Qc4+ 90. Ka5 Qb3 91.
Ka6 Kc6 92. Ka5 Qb5# 0-1

[Event "DVM U14w 2019"]
[Site "Neumünster GER"]
[Date "2019.12.28"]
[Round "3"]
[White "Hubert, Charlotte"]
[Black "Alferova, Emily"]
[Result "1/2-1/2"]
[Termination "normal"]
[Board "6.1"]
[WhiteElo "1415"]
[BlackElo "1352"]
[WhiteTeam "Hamburger SK"]
[BlackTeam "SC Garching 1980 e.V."]
[PlyCount "49"]
[WhiteFideId "16265920"]
[BlackFideId "16265904"]
[EventCountry "GER"]
[EventRounds "7"]
[EventType "team-swiss"]
[EventDate "2019.12.26"]

1. e4 e5 2. Nf3 Nc6 3. Nc3 Nf6 4. d4 exd4 5. Nxd4 Bb4 6. Nxc6 bxc6 7. Bd3 d5 8.
exd5 cxd5 9. O-O O-O 10. Bg5 c6 11. Na4 h6 12. Bh4 Re8 13. c4 Be7 14. Rc1 Ng4
15. Bxe7 Qxe7 16. Re1 Qd8 17. Rxe8+ Qxe8 18. Be2 Nf6 19. Bf3 Be6 20. Nc5 Rb8
21. Qd2 Qe7 22. Nxe6 Qxe6 23. Re1 Rxb2 24. Qc1 Rc2 25. Qb1 1/2-1/2

[Event "DVM U14w 2019"]
[Site "Neumünster GER"]
[Date "2019.12.28"]
[Round "3"]
[White "Muhina, Liana"]
[Black "Modali, Nikhilamrutha"]
[Result "1/2-1/2"]
[Termination "normal"]
[Board "6.2"]
[WhiteElo "1272"]
[BlackElo "1112"]
[WhiteTeam "SC Garching 1980 e.V."]
[BlackTeam "Hamburger SK"]
[PlyCount "47"]
[WhiteFideId "16266145"]
[BlackFideId "16282370"]
[EventCountry "GER"]
[EventRounds "7"]
[EventType "team-swiss"]
[EventDate "2019.12.26"]

1. e4 c6 2. d4 d5 3. e5 Bf5 4. h4 h6 5. Nf3 e6 6. Be2 c5 7. c3 Nc6 8. Be3 Qb6
9. Qb3 c4 10. Qxb6 axb6 11. b3 cxb3 12. a3 b2 13. Ra2 Bxa3 14. Nfd2 Nge7 15. g4
Bh7 16. g5 hxg5 17. hxg5 Kd7 18. Nxa3 Kc7 19. Nb5+ Kb8 20. Rxb2 Ra1+ 21. Bd1
Rxd1+ 22. Kxd1 Bc2+ 23. Kxc2 Rxh1 24. Rb1 1/2-1/2

[Event "DVM U14w 2019"]
[Site "Neumünster GER"]
[Date "2019.12.28"]
[Round "3"]
[White "Krasikova, Milana"]
[Black "Frowein, Katja"]
[Result "0-1"]
[Termination "normal"]
[Board "6.3"]
[WhiteElo "1082"]
[BlackElo "1271"]
[WhiteTeam "Hamburger SK"]
[BlackTeam "SC Garching 1980 e.V."]
[PlyCount "62"]
[WhiteFideId "16287347"]
[BlackFideId "16282949"]
[EventCountry "GER"]
[EventRounds "7"]
[EventType "team-swiss"]
[EventDate "2019.12.26"]

1. e4 c5 2. Nc3 d6 3. Nf3 Nf6 4. Bc4 g6 5. d3 Bg7 6. b3 O-O 7. Be3 Ng4 8. d4
Nxe3 9. fxe3 Bg4 10. h3 Bxf3 11. gxf3 Nc6 12. Ne2 a6 13. f4 b5 14. Bd5 Rc8 15.
Bxc6 Rxc6 16. Rg1 e6 17. c3 Qh4+ 18. Rg3 e5 19. a4 b4 20. Kd2 bxc3+ 21. Kxc3
cxd4+ 22. Kd2 dxe3+ 23. Kxe3 exf4+ 24. Nxf4 Qxg3+ 25. Qf3 Qxf3+ 26. Kxf3 Bxa1
27. b4 Rc3+ 28. Ke2 Rb8 29. Kd2 Rxb4 30. Ke2 Rb2+ 31. Ke1 Rc1# 0-1

[Event "DVM U14w 2019"]
[Site "Neumünster GER"]
[Date "2019.12.28"]
[Round "3"]
[White "Muhina, Alina"]
[Black "Abram, Kristina-Maria"]
[Result "1-0"]
[Termination "normal"]
[Board "6.4"]
[WhiteElo "1228"]
[BlackElo "868"]
[WhiteTeam "SC Garching 1980 e.V."]
[BlackTeam "Hamburger SK"]
[PlyCount "55"]
[WhiteFideId "16298322"]
[BlackFideId "16298349"]
[EventCountry "GER"]
[EventRounds "7"]
[EventType "team-swiss"]
[EventDate "2019.12.26"]

1. e4 e5 2. Nf3 Nf6 3. Nc3 Nc6 4. d4 exd4 5. Nxd4 d5 6. Nxc6 bxc6 7. exd5 cxd5
8. Bb5+ Bd7 9. Bxd7+ Qxd7 10. O-O Bb4 11. Re1+ Be7 12. Bg5 O-O 13. Bxf6 Bxf6
14. Nxd5 Bxb2 15. Rb1 Qb5 16. Nxc7 Qa5 17. Nxa8 Rxa8 18. Rxb2 Rd8 19. Qb1 h6
20. Rb8 Rxb8 21. Qxb8+ Kh7 22. Qb1 g6 23. Re7 Kg8 24. Qb3 Qf5 25. Re8+ Kh7 26.
Qc3 f6 27. Qc7+ Qd7 28. Qxd7# 1-0

[Event "DVM U14w 2019"]
[Site "Neumünster GER"]
[Date "2019.12.28"]
[Round "3"]
[White "Bone, Franziska"]
[Black "Hellenbroich, Helene"]
[Result "1/2-1/2"]
[Termination "normal"]
[Board "7.1"]
[WhiteElo "1115"]
[BlackElo "1346"]
[WhiteTeam "Schachgemeinschaft Turm Raesfeld/Erle"]
[BlackTeam "Lübecker SV von 1873"]
[PlyCount "42"]
[WhiteFideId "16261488"]
[BlackFideId "16270754"]
[EventCountry "GER"]
[EventRounds "7"]
[EventType "team-swiss"]
[EventDate "2019.12.26"]

1. e4 e6 2. d4 d5 3. Nd2 Nf6 4. e5 Nfd7 5. Bd3 c5 6. c3 a6 7. Ne2 Nc6 8. Nf3
Be7 9. Nf4 Qb6 10. Nh5 O-O 11. Bc2 f6 12. Qd3 g6 13. exf6 Bxf6 14. Nxf6+ Nxf6
15. O-O c4 16. Qe2 Qc7 17. Ng5 e5 18. dxe5 Qxe5 19. Qxe5 Nxe5 20. Re1 Re8 21.
Bf4 Nc6 1/2-1/2

[Event "DVM U14w 2019"]
[Site "Neumünster GER"]
[Date "2019.12.28"]
[Round "3"]
[White "Gossing, Marie-Sophie"]
[Black "Bone, Annalena"]
[Result "1-0"]
[Termination "normal"]
[Board "7.2"]
[WhiteElo "1263"]
[BlackElo "1109"]
[WhiteTeam "Lübecker SV von 1873"]
[BlackTeam "Schachgemeinschaft Turm Raesfeld/Erle"]
[PlyCount "123"]
[WhiteFideId "16217284"]
[BlackFideId "16284453"]
[EventCountry "GER"]
[EventRounds "7"]
[EventType "team-swiss"]
[EventDate "2019.12.26"]

1. e4 e5 2. Nf3 Nc6 3. d4 exd4 4. Nxd4 Bc5 5. Be3 Qf6 6. c3 Nge7 7. Bc4 d6 8.
O-O Bb6 9. Qd3 O-O 10. Nd2 Be6 11. Bb3 Rad8 12. Bc2 Qg6 13. Rfe1 d5 14. Qe2
Nxd4 15. cxd4 Bh3 16. g3 Rfe8 17. Bd3 dxe4 18. Bxe4 Nf5 19. Qd3 Bxd4 20. Bxd4
Rxd4 21. Qxd4 Nxd4 22. Bxg6 Rxe1+ 23. Rxe1 hxg6 24. Re4 Nc6 25. Nf3 Be6 26. Ng5
Nd8 27. f4 Kf8 28. Re1 Bxa2 29. Nh7+ Kg8 30. Re8+ Kxh7 31. Rxd8 a6 32. Rd7 b5
33. Rxc7 a5 34. Rc5 Bc4 35. Kf2 a4 36. Ke3 b4 37. Rxc4 a3 38. bxa3 bxa3 39. Ra4
Kh6 40. Rxa3 Kh5 41. Kf3 g5 42. fxg5 Kxg5 43. Ra5+ Kh6 44. Kf4 Kg6 45. h4 Kh7
46. Kf5 g6+ 47. Kf6 Kh6 48. Kxf7 Kh7 49. g4 Kh6 50. h5 g5 51. Kf6 Kh7 52. Kxg5
Kg7 53. Ra7+ Kf8 54. Kg6 Ke8 55. Kf6 Kd8 56. Ke6 Kc8 57. Kd6 Kb8 58. Rh7 Kc8
59. Rg7 Kb8 60. Kc6 Ka8 61. Kb6 Kb8 62. Rg8# 1-0